000 00716nam a2200181Ia 4500
008 151202s9999||||xx |||||||||||||| ||und||
082 _bPNVM-66787
100 _aकुंटे कृष्णमेघ.
245 _aएका रानवेड्याची शोायात्रा.
260 _b"राजहंस प्रकाशन, पुणे."
260 _c2004
300 _a171
600 _aकुंटे कृष्णमेघ.
630 _aएका रानवेड्याची शोायात्रा.
700 _aकुंटे कृष्णमेघ.
730 _aएका रानवेड्याची शोायात्रा.
942 _cBOOK
999 _c1333319
_d1333316